000 00752nam a2200121Ia 4500
008 220615s9999||||xx |||||||||||||| ||und||
100 _aHammer Furnes, Gila||Saeverot, Herner||Torgersen, Glenn-Egil||Furnes, Gila Hammer||Saeverot, Herner||Torgersen, Glenn-Egil
245 0 _aChapter 9 Digital Samhandling in Education for the Unforeseen Future
546 _aEnglish[eng]
650 _aSamhandling||digital learning||risk||interaction||learning management systems||teacher education||unforeseen
856 _uhttps://library.oapen.org/bitstream/20.500.12657/28312/1/Interaction_cp9.pdf||https://library.oapen.org/bitstream/20.500.12657/28312/1/Interaction_cp9.pdf||https://library.oapen.org/bitstream/20.500.12657/28312/1/Interaction_cp9.pdf
942 _cEB
999 _c9567
_d9567